Normal view
MARC view
- Siegel, Bernie S.,
Entry Personal Name
001 - CONTROL NUMBER
- control field: 39177
003 - CONTROL NUMBER IDENTIFIER
- control field: OSt
005 - DATE AND TIME OF LATEST TRANSACTION
- control field: 20190816100901.0
008 - FIXED-LENGTH DATA ELEMENTS
- fixed length control field: 190816|| aca||aabn | a|a d
040 ## - CATALOGING SOURCE
- Original cataloging agency: OSt
- Transcribing agency: OSt
100 ## - HEADING--PERSONAL NAME
- Personal name: Siegel, Bernie S.,
- Relator term: writer of foreword.
670 ## - SOURCE DATA FOUND
- Source citation: Work cat.: (OSt)0: Shockley, Sarah (Sarah Anne) author. 39174, The pain companion :
